Jean-François MARQUET. – Restitutions. Études d’histoire de la philosophie allemande. Vrin, Bibliothèque d’Histoire de la Philosophie, Paris, 2001,306 p. (notice n° 1579530)

détails MARC
000 -LEADER
fixed length control field 01753cam a2200169 4500500
005 - DATE AND TIME OF LATEST TRANSACTION
control field 20251228050010.0
041 ## - LANGUAGE CODE
Language code of text/sound track or separate title fre
042 ## - AUTHENTICATION CODE
Authentication code dc
100 10 - MAIN ENTRY--PERSONAL NAME
Personal name Tilliette, Xavier
Relator term author
245 00 - TITLE STATEMENT
Title Jean-François MARQUET. – Restitutions. Études d’histoire de la philosophie allemande. Vrin, Bibliothèque d’Histoire de la Philosophie, Paris, 2001,306 p.
260 ## - PUBLICATION, DISTRIBUTION, ETC.
Date of publication, distribution, etc. 2003.<br/>
500 ## - GENERAL NOTE
General note 11
520 ## - SUMMARY, ETC.
Summary, etc. La pensée technique peut-elle être l’occasion d’un renouveau de la réflexion transcendantale, ou bien est-elle vouée à demeurer tributaire du « préjugé anthropologique » dont Foucault a repéré la mise en place au XIXe siècle avec la formation des sciences humaines, et qui a eu pour conséquence précisément la dissolution du transcendantal dans l’empirique ? Cet article opte résolument pour la première solution, et examine les approches qui vont dans ce sens en refusant de penser les techniques à partir de la finitude anthropologique.
520 ## - SUMMARY, ETC.
Summary, etc. Can technological thought ask again the transcendental question, or is it unavoidably linked to what Foucault called the « anthropological prejudice » in his analysis of the emergence of social sciences in the nineteenth century ? Event that is precisely linked to the dissolution of the transcendental question in empirical descriptions. This paper aims at arguing in favour of the first solution, and proposes to examine the various approaches that try to elaborate a technological thought avoiding the ‘‘ anthropological prejudice ’’?
786 0# - DATA SOURCE ENTRY
Note Archives de philosophie | 66 | 1 | 2003-03-01 | p. 145a-153a | 0003-9632
856 41 - ELECTRONIC LOCATION AND ACCESS
Uniform Resource Identifier <a href="https://shs.cairn.info/revue-archives-de-philosophie-2003-1-page-145a?lang=fr&redirect-ssocas=7080">https://shs.cairn.info/revue-archives-de-philosophie-2003-1-page-145a?lang=fr&redirect-ssocas=7080</a>

Pas d'exemplaire disponible.

PLUDOC

PLUDOC est la plateforme unique et centralisée de gestion des bibliothèques physiques et numériques de Guinée administré par le CEDUST. Elle est la plus grande base de données de ressources documentaires pour les Étudiants, Enseignants chercheurs et Chercheurs de Guinée.

Adresse

627 919 101/664 919 101

25 boulevard du commerce
Kaloum, Conakry, Guinée

Réseaux sociaux

Powered by Netsen Group @ 2025